Carryover of herbicides used in cotton stalk control on soybean cultivated in succession (Registro n. 9719)
[ somente texto ]
| 000 -LÍDER | |
|---|---|
| fixed length control field | 02935nab a2200349 i 4500 |
| 003 - CÓDIGO MARC DA AGÊNCIA CATALOGADORA | |
| Campo de controle | BR-BrBNA |
| 005 - DATA E HORA DA ÚLTIMA ATUALIZAÇÃO | |
| Campo de controle | 20230921154550.0 |
| 008 - CAMPO DE TAMANHO FIXO | |
| fixed length control field | 230801b2020 bl.ar|pooa||| 00| 0 eng | |
| 040 ## - FONTE DA CATALOGAÇÃO | |
| Agência catalogadora | BR-BrBNA |
| Idioma da catalogação | eng |
| 072 ## - CATEGORIA AGRIS | |
| Código AGRIS | H60 |
| Código do objeto | 0430 |
| 072 ## - CATEGORIA AGRIS | |
| Código AGRIS | T01 |
| Código do objeto | 0336 |
| 072 ## - CATEGORIA AGRIS | |
| Código AGRIS | H10 |
| 100 ## - ENTRADA PRINCIPAL - NOME PESSOAL | |
| Nome pessoal | Francischini, A.C. |
| 100 ## - ENTRADA PRINCIPAL - NOME PESSOAL | |
| Nome pessoal | Constantin, J. |
| 100 ## - ENTRADA PRINCIPAL - NOME PESSOAL | |
| Nome pessoal | Matte, W.D. |
| 100 ## - ENTRADA PRINCIPAL - NOME PESSOAL | |
| Nome pessoal | Oliveira Junior, R.S. |
| 100 ## - ENTRADA PRINCIPAL - NOME PESSOAL | |
| Nome pessoal | Machado, F.G. |
| 100 ## - ENTRADA PRINCIPAL - NOME PESSOAL | |
| Nome pessoal | Morota, F.K. |
| 245 ## - TÍTULO PRINCIPAL | |
| Título principal | Carryover of herbicides used in cotton stalk control on soybean cultivated in succession |
| 500 ## - NOTA GERAL | |
| Nota geral | Publicação on-line; 25 ref.; 11 tables; 3 illus.; Summary (En) |
| 942 ## - ADDED ENTRY ELEMENTS (KOHA) | |
| Koha item type | |
| 520 ## - NOTA DE RESUMO | |
| Nota de conteúdo | <br/><br/>ABSTRACT<br/>Background: Information on the carryover of herbicides applied to the<br/>destruction of cotton stalks, as well as the withdrawal period necessary to<br/>prevent the development and productivity of the crop in succession from<br/>being affected are limited in the literature.<br/>Objective: The objective was to identify the carryover effect promoted by<br/>herbicides used in the management of the destruction of cotton stalks and<br/>to estimate the host free period for sowing soybean in succession.<br/>Methods: Two individual experiments were conducted simultaneously, one<br/>for single application and the other for sequential application of herbicide<br/>treatments. The experiments were installed in a factorial scheme (15x5), in<br/>a randomized block design with four replications. The first factor evaluated<br/>was herbicide treatments and the second factor was five soybean sowing<br/>times after application (0, 30, 60, 90 and 120 days). The herbicides used in<br/>the treatments were 2,4-D, glyphosate, saflufenacil, [imazapic + imazapyr],<br/>dicamba, fluroxypyr and sulfentrazone.<br/>Results: As this work was conducted, the results provide a carryover<br/>indicator. It is concluded that the single application and the sequential<br/>application of the glyphosate + dicamba + saflufenacil treatment has great<br/>carryover potential for soybean crops, with the host free period for sowing<br/>the crop exceeding 120 days after application.<br/>Conclusions: The treatments 2,4-D, 2,4-D + glyphosate, glyphosate +<br/>saflufenacil + fluroxypyr had the lowest host free period intervals, even<br/>when in sequential application. The treatment with application of 2,4-D<br/>alone showed the lowest carryover potential for soybean. <br/><br/>Keywords:<br/>residual activity<br/>safety interval<br/>synthetic auxins |
| 650 ## - ASSUNTO - THESAGRO | |
| Cabeçalho tópico ou nome geográfico | HERBICIDA |
| 650 ## - ASSUNTO - THESAGRO | |
| Cabeçalho tópico ou nome geográfico | RESÍDUO |
| 650 ## - ASSUNTO - THESAGRO | |
| Cabeçalho tópico ou nome geográfico | AUXINA |
| 650 ## - ASSUNTO - THESAGRO | |
| Cabeçalho tópico ou nome geográfico | ALGODÃO |
| 650 ## - ASSUNTO - THESAGRO | |
| Cabeçalho tópico ou nome geográfico | SOJA |
| 650 ## - ASSUNTO - THESAGRO | |
| Cabeçalho tópico ou nome geográfico | CULTIVO CONTÍNUO |
| 773 0# - ENTRADA ANALÍTICA | |
| Host Biblionumber | 886 |
| Registro do item | 1817 |
| Imprenta | Londrina-PR : Sociedade Brasileira da Ciência das Plantas Daninhas, 1978 |
| Outro identificador | 2023-031024 |
| Título | Planta Daninha (Brazil) |
| ISSN | 0100-8358; 1806-9681 (on-line) |
| Colação | v. 38 p. 1-12; (2020) |
| Número de controle de registro | BR2023000829 |
| 856 ## - ACESSO E ENDEREÇO ELETRÔNICO | |
| Identificador uniforme de recurso - URI | https://www.scielo.br/j/pd/a/VGFQ4bcj3vyQ54bdbJgDY6n/?format=pdf&lang=en |
Nenhum exemplar disponível.

BINAGRI